00511cam a2200169 a 4500020002800000020003500028040000800063041000800071082002600079245006800105260004800173300002500221500003100246650002600277650001900303700001900322 a089410862X (alk. paper) a0894108824 (pbk. : alk. paper) cDLC1 hkor00a895 LYN 1998 A094 Or.04aThe golden phoenix :bseven contemporary Korean short stories / aBoulder :bLynne Rienner Publishers,c1998. aix, 297 p. ;c24 cm. a"A three continents book." 0aShort stories, Korean 0aKorean fiction1 aSò†, Chi-mun.